Responses for Show #8472 - Tuesday, September 21, 2021

Matt Amodio game 25.

Contestants

[<< previous game]

John Klass, a logistics manager from Huntington Beach, California

Melissa John-Guisti, a corporate attorney from Salisbury, Massachusetts

Matt Amodio, a Ph.D. student from New Haven, Connecticut (whose 24-day cash winnings total $857,001)

[next game >>]

Jeopardy! Round responses

THE GREAT DIVIDE
ONE-WORD BOOK TITLES
LET'S BOOZE IT UP
COLOR ME GOOD
PENNY ANTE
DECIPHER OUR TOP-SECRET CODE
    $200 29
Rockies (the Rocky Mountains)

Matt
    $200 28
Twilight

Matt
    $200 24
rum

Matt
    $200 26
Greenland

Matt
    $200 30
"Penny Lane"

Matt
    $200 10
yes

Matt
    $400 12
prairie dog

Matt
    $400 13
Emma

Matt
    $400 19
fuzzy navel

Matt
    $400 23
the Transcontinental Railroad

John
    $400 25
arcade

Melissa
    $400 27
(Mayim: Did you figure it out? "A" is 1, "B" is 2.)

feed

John
    $600 8
(Matt: What's Missouri?)
(Melissa: What is Texas?)
(John: What is Arizona?)

New Mexico

MattMelissaJohn
Triple Stumper
    $600 9
Heidi

Melissa
    $600 18
a Black Russian

John
    $7,400 16
red card

Matt
    $600 14
M

Matt
    $600 22
bad

Matt
    $800 3
Yellowstone

Matt
    $800 7
Misery

Matt
    $800 17
Boilermaker

Matt
    $800 15
orange roughy

Triple Stumper
    $800 11
Batman (Bruce Wayne)

Matt
    $800 21
jolly

Melissa
    $1000 2
Alberta

John
    $1000 1
Mockingjay

Matt
    $1000 4
(John: What is Bombay Sapphire?)

Beefeater's

MattJohn
    $1000 5
[NOTE: Matt did not include the article in his response.]

The Blue Boy

Matt
    $1000 6
penny dreadful

Matt
    $1000 20
medal

Matt

Scores at the first commercial break (after clue 15):

Matt Melissa John
$7,400 $0 -$600

Scores at the end of the Jeopardy! Round:

Matt Melissa John
$18,600 $1,200 $800

Double Jeopardy! Round responses

ABDICATION NATION
CLASSICAL MUSIC
THE CELL
AWARDS & PRIZES
MOVIE SERIES BY SEQUEL
NEW TO THE OED
    $400 26
Japan

Melissa
    $400 25
fantasia

Matt
    $400 27
wall (the cell wall)

Matt
    $400 28
Oscar

Matt
    $400 30
Star Wars

John
    $400 29
livestream

Melissa
    $800 5
Netherlands

Matt
    $800 15
the Jupiter

Melissa
    $800 11
four

Matt
    $800 22
the Heisman

Melissa
    $800 23
Mission: Impossible

Triple Stumper
    $800 24
gig economy

Matt
    $1200 3
emir

John
    $1200 13
Ravel

Matt
    $1200 9
neuron

Matt
    $1200 18
Booker (the Booker Prize)

Matt
    $1200 16
Shrek

Matt
    $1200 6
(Matt: What's divest?)

defund

Matt
Triple Stumper
    $1600 1
Sweden

Matt
    $1600 12
a polonaise

John
    $1600 8
liver

Matt
    $1600 17
Spingarn (the Spingarn Medal)

Matt
    $1600 21
Hellboy

Triple Stumper
    $1600 2
doxing

Matt
    $2,000 4
(John: Who is Charles II?)

James II

John
    $2000 14
Grieg

Matt
    $2000 10
mitosis & meiosis

Matt
    $15,000 19
(Matt: What's... uh... Berners-Lee?)

the Turing Award

Matt
    $2000 20
John Wick

Triple Stumper
    $2000 7
virtue signaling

Matt

Scores at the end of the Double Jeopardy! Round:

Matt Melissa John
$23,200 $3,600 $2,000
(lock game)

[wagering suggestions for these scores]

Final Jeopardy! Round responses

CHILDREN'S BOOKS
(Mayim: [To John] In The Tale of the Flopsy Bunnies about the children of Benjamin Bunny and his wife Flopsy who is Peter Rabbit's sister.)
JohnWho is [something crossed out] Potter
$1,000
MelissaWho is Potter?
$3,000
MattWho is Potter?
$13,000
(Beatrix) Potter

Final scores:

Matt Melissa John
$36,200 $6,600 $3,000
25-day champion: $893,201 2nd place: $2,000 3rd place: $1,000

Game dynamics:

Coryat scores:

Matt Melissa John
$31,400 $3,600 $4,000
38 R
(including 1 DD),
3 W
(including 1 DD)
7 R,
1 W
7 R,
3 W
(including 1 DD)

Combined Coryat: $39,000

[game clues] [game scores] [suggest correction]

Game tape date: 2021-08-24
The J! Archive is created by fans, for fans. Scraping, republication, monetization, and malicious use prohibited; this site may use cookies and collect identifying information. See terms. The Jeopardy! game show and all elements thereof, including but not limited to copyright and trademark thereto, are the property of Jeopardy Productions, Inc. and are protected under law. This website is not affiliated with, sponsored by, or operated by Jeopardy Productions, Inc. Join the discussion at JBoard.tv.